Normal view
MARC view
- Transportation
Entry Topical Term
001 - CONTROL NUMBER
- control field: 20775
003 - CONTROL NUMBER IDENTIFIER
- control field: NUST
005 - DATE AND TIME OF LATEST TRANSACTION
- control field: 20190917055122.0
008 - FIXED-LENGTH DATA ELEMENTS
- fixed length control field: 190917|| aca||aabn | a|a d
040 ## - CATALOGING SOURCE
- Original cataloging agency: NUST
- Transcribing agency: NUST
150 ## - HEADING--TOPICAL TERM
- Topical term or geographic name entry element: Transportation
- Geographic subdivision: United States
- General subdivision: Passenger traffic.
670 ## - SOURCE DATA FOUND
- Source citation: Work cat.: (NUST)0: Gronau, Reuben, 1937- 20773, The value of time in passenger transportation:, 1970.
